Absolventi vysokých škôl

Vývoj vysokých škoôl na Slovensku od roku 2003. Vývoj počtu absolventov vysokých škôl. Vývoj počtu evidovaných absolventov na Úrade práce, sociálnych vecí a rodiny.

Guardado en:
Detalles Bibliográficos
Autor principal: Bačová, Monika
Formato: Capítulo de libro
Lenguaje:eslovaco
Materias:
Etiquetas: Agregar Etiqueta
Sin Etiquetas, Sea el primero en etiquetar este registro!

MARC

LEADER 00000naa$a2200000$$$4500
001 0145703
005 20240502072629.4
041 0 |a slo 
044 |a SK 
245 1 0 |a Absolventi vysokých škôl  |c Monika Bačová 
520 |a Vývoj vysokých škoôl na Slovensku od roku 2003. Vývoj počtu absolventov vysokých škôl. Vývoj počtu evidovaných absolventov na Úrade práce, sociálnych vecí a rodiny. 
610 2 0 |a školy vysoké 
610 2 0 |a Slovensko 
610 2 0 |a absolventi 
610 2 0 |a úrady práce 
610 2 0 |a zamestnanie 
100 1 |a Bačová, Monika